000 00693cab a2200217 4500
001 WB3043-31
008 090401t xxu||||| |||| 00| 0 eng d
035 _a(Sirsi) u4133
041 _aeng
245 _aSetback for MoD homes
350 _a0
490 _aFinancial Times
_v18 November 1994, 8
490 _aIndependent
_v18 November1 994, 3(1)
520 _aMoD plans to raise £500m by leasing its 70,000 married-quarter houses to a housing trust have been set back with the seting up of a tri-service executive to manage these properties.
650 _aHOUSING TRUST
650 _aMARRIED QUARTERS
650 _aMOD ESTATE
690 _aHOUSING
942 _n0
948 _c04/03/1997
999 _c2472
_d2472